000 00329nam a2200133Ia 4500
008 221007s9999 xx 000 0 und d
041 _aeng
082 _bDES
100 _aDesai S S (2K4205)
_9102193
245 _aSales Order and Billing System
260 _c2006
_bPune University
_aPune
520 _aVaze S
906 _bGeneral
999 _c69354
_d69354